Las guerras de Dios: una nueva historia de las Cruzadas

Salvato in:
Dettagli Bibliografici
Autore principale: Tyerman, Christopher (Autore)
Natura: Libro
Lingua:spagnolo
Pubblicazione: Barcelona Crítica 2010
Edizione:1a. ed
Soggetti:
Tags: Aggiungi Tag
Nessun Tag, puoi essere il primo ad aggiungerne!!

MARC

LEADER 00000cam a2200000 a 4500
001 UCG8914
003 CL-VaPUC
008 120106e20100300SP |||||||||||||||||spa|d
020 |a 9788498920772 
082 0 4 |a 940.18  |b TYE  |2 21 
100 0 |a Tyerman, Christopher  |e author  |9 560189 
245 1 4 |a Las guerras de Dios: una nueva historia de las Cruzadas 
250 |a 1a. ed 
300 |a 1344 p 
942 |c BK 
945 |d 20120106 00:00:00  |a dcastane 
260 |a Barcelona  |b Crítica  |c 2010 
650 0 |a Cruzadas  |9 319513 
650 7 |a EVANGELIZACION  |2 CL-VaPUC  |9 560190 
650 0 |a Historia de la iglesia   |9 257565 
650 0 |a Edad media  |9 258041 
650 0 |a Guerra  |9 255876 
583 |a last modification  |c 20120106 11:45:00  |k Rodrigo Vera 
999 |c 346501  |d 346499 
952 |0 0  |1 0  |4 0  |6 940_180000000000000_TYE_2010  |7 0  |8 A  |9 447197  |a BIBHIS  |b BIBHIS  |d 2019-11-22  |i 4819829  |l 5  |o 940.18 TYE 2010  |p 4819829  |r 2025-01-20  |s 2024-07-19  |w 2019-11-22  |y BK  |k HIS